Estadísticas para Prueba de San Marino

Haz click aquí para tomar la prueba!

Estadísticas generales

  • Esta prueba ha sido tomada 566 veces
  • La puntuación promedio es 8 de 14

Estadísticas de respuestas

PistaRespuesta% Correcto
Capital de San MarinoSan Marino
100%
País que rodea completamente a San MarinoItalia
98%
Moneda de San MarinoEuro
91%
País que ocupó brevemente San Marino en 1944Alemania
79%
El equipo nacional de fútbol de San Marino tiene un récord de 1 victoria, 4 empates y 159 derrotas.
¿Qué pequeña nación cercana es el único equipo al que han derrotado?
Liechtenstein
73%
San Marino afirma ser la república más ______ del mundoAntigua
69%
Piloto brasileño de Fórmula 1 que murió en el Gran Premio
de San Marino de 1994 (en realidad no se celebró en San Marino)
Ayrton Senna
59%
La cordillera en la que se encuentra San MarinoApeninos
54%
San Marino es el único país del mundo con más ______ que personasVehículos
41%
Cada seis meses, el Parlamento de San Marino elige dos "Capitanes Regentes"
para dirigir el país. ¿Qué cargo electo en la antigua Roma era similar al de "Capitán Regente"?
Consul
35%
Hay tres ____ en el escudo de armasTorres
29%
El pico más alto, 739 metros sobre el nivel del marMonte {Titano}
20%
San Marino está dividido en 9 municipios que se conocen como _____ (comienza con C)Castelli
19%
El mayor asentamientoDogana
19%

Distribución de puntuación

Porcentaje por número respondido

Porcentaje de gente con cada puntuación

Historial de tus puntuaciones

No has tomado esta prueba